SOFTWARE PROJECT MANAGEMENT (Record no. 21144)

MARC details
000 -LEADER
fixed length control field 00325nam a22001457a 4500
003 - CONTROL NUMBER IDENTIFIER
control field SGT
020 ## - INTERNATIONAL STANDARD BOOK NUMBER
International Standard Book Number 9789332547940
082 ## - DEWEY DECIMAL CLASSIFICATION NUMBER
Classification number 005.1,JAL
100 ## - MAIN ENTRY--PERSONAL NAME
Personal name JALOTE ,PANKAJ
245 ## - TITLE STATEMENT
Title SOFTWARE PROJECT MANAGEMENT
260 ## - PUBLICATION, DISTRIBUTION, ETC. (IMPRINT)
Place of publication, distribution, etc NEW DELHI
Name of publisher, distributor, etc PEARSON
Year of Publication 2016
300 ## - PAGE DESCRIPTION
No. of Pages 234
650 ## - SUBJECT ADDED ENTRY--TOPICAL TERM
Topical term or geographic name as entry element COMPUTER SCIENCE
942 ## - ADDED ENTRY ELEMENTS (KOHA)
Source of classification or shelving scheme Dewey Decimal Classification
Koha item type Books
Holdings
Withdrawn status Lost status Source of classification or shelving scheme Damaged status Not for loan Collection code Home library Current library Shelving location Date acquired Vendor Name Cost, normal purchase price SGTU Bill Number Total Checkouts Full call number Accession No. (Barcode) Date last seen Bill Date Koha item type
    Dewey Decimal Classification     ENGINEERING SGT Engineering Library SGT Engineering Library Text Book 29/04/2021 KIRTI PRAKASHAN 435.00 SGTU IN1949   005.1,JAL FE8158 29/04/2021 27/03/2021 Books
    Dewey Decimal Classification     ENGINEERING SGT Engineering Library SGT Engineering Library Text Book 29/04/2021 KIRTI PRAKASHAN 435.00 SGTU IN1949   005.1,JAL FE8159 29/04/2021 27/03/2021 Books